000 00307nam a22001217a 4500
020 _aIS :11702
041 _aENG
245 _aMeasurement Of Airborene Noise Emitted By Pneumatic Tools And Machines
260 _aNew Delhi
_bBIS
_c1986
300 _a18
650 _aBIS Tist Code
856 _uBIS Tist Code
999 _c2154
_d2154